LEADER 02265nam 22005412u 450 001 9910450818503321 005 20211005035104.0 010 $a1-280-84686-0 010 $a0-19-534551-7 010 $a1-4294-1629-7 035 $a(CKB)1000000000413123 035 $a(EBL)273072 035 $a(OCoLC)191924221 035 $a(MiAaPQ)EBC3052120 035 $a(MiAaPQ)EBC273072 035 $a(Au-PeEL)EBL273072 035 $a(OCoLC)935260866 035 $a(EXLCZ)991000000000413123 100 $a20100913d2006|||| u|| | 101 0 $aeng 135 $aur|n|---||||| 181 $ctxt$2rdacontent 182 $cc$2rdamedia 183 $acr$2rdacarrier 200 14$aThe New Grove Guide to Wagner and His Operas$b[electronic resource] 210 $aNew York $cOxford University Press$d2006 215 $a1 online resource (209 p.) 300 $aDescription based upon print version of record. 311 $a0-19-530588-4 311 $a0-19-531128-0 327 $aCONTENTS; PREFACE; LIST OF ILLUSTRATIONS; Chronology of Wagner's Life and Operas; Life; Works; The Operas; GLOSSARY; INDEX OF ROLE NAMES; SUGGESTED LISTENING GUIDE; SUGGESTED FURTHER READING; 330 $aOne of the most controversial figures in the history of ideas as well as music, Richard Wagner continues to stimulate debate whenever his works are performed. Drawing upon the scholarship of The New Grove Dictionary of Opera, the most comprehensive dictionary of opera in the world, BarryMillington offers a concise, portable survey and guide, which will make a welcome addition to the shelf of anyone who loves opera. Millington has completely updated the original pieces and contributed four new chapterson Wagner, including a summary of Wagner productions from 1876 to the present day, a suggeste 606 $aOpera 606 $aWagner, Richard 606 $aFine Arts 608 $aElectronic books. 615 4$aOpera. 615 4$aWagner, Richard. 615 4$aFine Arts. 676 $a782.1092 700 $aMillington$b Barry$01048370 801 0$bAU-PeEL 801 1$bAU-PeEL 801 2$bAU-PeEL 906 $aBOOK 912 $a9910450818503321 996 $aThe New Grove Guide to Wagner and His Operas$92476624 997 $aUNINA